Gestión de stocks y organización de almacenes (Registro nro. 2760)
[ vista simple ]
| 000 -LEADER | |
|---|---|
| fixed length control field | 01383 a2200217 4500 |
| 001 - CONTROL NUMBER | |
| control field | 37531 |
| 005 - DATE AND TIME OF LATEST TRANSACTION | |
| control field | 20260407155642.0 |
| 008 - FIXED-LENGTH DATA ELEMENTS--GENERAL INFORMATION | |
| fixed length control field | 260407a1968 arg spa d |
| 003 - CONTROL NUMBER IDENTIFIER | |
| control field | AR-UNSa-BCEJYS |
| 040 ## - CATALOGING SOURCE | |
| Original cataloging agency | AR-UNSa-BCEJYS |
| Language of cataloging | spa |
| Transcribing agency | AR-UNSa-BCEJYS |
| 080 ## - UNIVERSAL DECIMAL CLASSIFICATION NUMBER | |
| Universal Decimal Classification number | 658.787 |
| Common auxiliary subdivision | Control de existencias. Inventarios (Stock)<br/> |
| 100 1# - MAIN ENTRY--PERSONAL NAME | |
| Personal name | Landa, Jesús |
| 245 10 - TITLE STATEMENT | |
| Title | Gestión de stocks y organización de almacenes |
| 250 ## - EDITION STATEMENT | |
| Edition statement | 3a. ed |
| 264 #1 - PRODUCTION, PUBLICATION, DISTRIBUTION, MANUFACTURE, AND COPYRIGHT NOTICE | |
| Place of production, publication, distribution, manufacture | Bilbao : |
| Name of producer, publisher, distributor, manufacturer | Ediciones Deusto |
| Date of production, publication, distribution, manufacture, or copyright notice | 1968 |
| 300 ## - PHYSICAL DESCRIPTION | |
| Extent | 230 p. |
| Dimensions | 25 cm. |
| 505 ## - FORMATTED CONTENTS NOTE | |
| Formatted contents note | 1. Introducción - 2. La noción de stocks - 3. La clasificación del material - 4. La nomeclatura del almacen - 5. Los articulos en exitencias - 6. Contabilidad de las existencias - 7. El aprovisionamiento y el reaprovisionamiento de las exitencias - 8. El plan de aprovisionamiento - 9. La formula de aprovisionamiento - 10. La exitencia minima - 11. La tasa de rotación de la exitencia - 12. El plan de reaprovisionamiento - 13. Confección de la demanda de compras - 14. La recepción de mercaderias - 15. Del conocimieto de los precios unitarios y del pago de la factura - 16. La salidas de almacen - 17. Distribución - 18. El inventario rotativo - 19. La supervisión de los embalajes consignados - 20. Los articulos que permanecen indefinidamente en exitencia. |
| 590 ## - LOCAL NOTE (RLIN) | |
| Local note | niveau_biblio:m niveau_hierar:0 |
| 700 1# - ADDED ENTRY--PERSONAL NAME | |
| Personal name | Lebas, Pierre |
| 942 ## - ADDED ENTRY ELEMENTS (KOHA) | |
| Koha item type | |
| Withdrawn status | Lost status | Damaged status | Not for loan | Home library | Current library | Shelving location | Date acquired | Total checkouts | Full call number | Barcode | Date last seen | Price effective from | Koha item type |
|---|---|---|---|---|---|---|---|---|---|---|---|---|---|
| Biblioteca Prof. Eusebio Cleto del Rey | Biblioteca Prof. Eusebio Cleto del Rey | 07/04/2026 | 658.787 L441 | L21942 | 07/04/2026 | 07/04/2026 | Libro | ||||||
| Biblioteca Prof. Eusebio Cleto del Rey | Biblioteca Prof. Eusebio Cleto del Rey | 07/04/2026 | 658.787 L441 | L22132 | 07/04/2026 | 07/04/2026 | Libro |